<?xml version="1.0" encoding="UTF-8"?>
<record
    xmlns:xsi="http://www.w3.org/2001/XMLSchema-instance"
    xsi:schemaLocation="http://www.loc.gov/MARC21/slim http://www.loc.gov/standards/marcxml/schema/MARC21slim.xsd"
    xmlns="http://www.loc.gov/MARC21/slim">

  <leader>00206nam a2200085   4500</leader>
  <controlfield tag="001">1237825</controlfield>
  <controlfield tag="005">20251003123656.0</controlfield>
  <datafield tag="245" ind1=" " ind2=" ">
    <subfield code="a">BEN&#x130;M &#xC7;&#x130;&#xC7;EKLAR&#x130;M ATESTE A&#xC7;AR </subfield>
    <subfield code="c">AHMET G&#xDC;NBAY YILDIZ</subfield>
  </datafield>
  <datafield tag="260" ind1=" " ind2=" ">
    <subfield code="b">T&#x130;MA&#x15E;</subfield>
  </datafield>
  <datafield tag="999" ind1=" " ind2=" ">
    <subfield code="c">1237825</subfield>
    <subfield code="d">1237825</subfield>
  </datafield>
</record>
